Aircraft of the RCAF - Statistics

General Stats
  • This quiz has been taken 7 times
  • The average score is 3 of 10
Answer Stats
Hint Answer % Correct
Transport fix wing CC-130
67%
Multirole fighter CF-188
67%
arctic fix wing transport CC-138
33%
Large fix wing transport CC-177
33%
Maritime patrol fixed wing CP-140
33%
SAR fix wing CC-295
17%
multipurpose transport Rotary CH-146
17%
Transport rotary CH-147
17%
Maritime patrol Rotary CH-148
0%
SAR Rotary CH-149
0%
No matching quizzes found
Score Distribution
Percent of People with Each Score
Percentile by Number Answered
Your Score History
You have not taken this quiz